| 000 | 00365nam a22001217a 4500 | ||
|---|---|---|---|
| 082 | _a200 THE | ||
| 100 |
_aTalha Ahmed _970495 |
||
| 245 | _aTH-SOF-1692-Performance Augmentation of Wing through Fluidic Actuation | ||
| 260 |
_aISLAMABAD _bNUST COLLEGE OF EME _c2019 |
||
| 650 | _aMS-MECH-2016 MSTHESIS | ||
| 700 |
_aSupervisor Dr Imran Akhtar _969939 |
||
| 942 | _cCF | ||
| 999 |
_c577472 _d577472 |
||